[Event "BEL-ch U14"]
[Site "Blankenberge"]
[Date "2015.04.18"]
[Round "9"]
[White "Laurent, Yann"]
[Black "Decorte, Elias"]
[Result "1-0"]
[WhiteElo "1245"]
[BlackElo "1124"]
[PlyCount "95"]
[EventDate "2015.04.12"]
[EventType "swiss"]
[EventRounds "9"]
[EventCountry "BEL"]
[SourceTitle "CBM 166 Extra"]
[Source "ChessBase"]
[SourceDate "2015.06.18"]
[SourceVersion "1"]
[SourceVersionDate "2015.06.18"]
[SourceQuality "1"]

1. d3 e5 2. Nf3 Nc6 3. g3 Nf6 4. Bg2 d5 5. 0-0 Bc5 6. Bg5 Be6 7. Nc3 h6 8. Bxf6 Qxf6 9. Nd2 0-0-0 10. e4 Ne7 11. Qe1 c6 12. Kh1 g5 13. exd5 cxd5 14. Nde4 dxe4 15. Nxe4 Qg7 16. Nxc5 Bd5 17. Qc3 Bxg2+ 18. Kxg2 Kb8 19. Qb4 b6 20. Na6+ Kb7 21. Qxe7+ Kxa6 22. b4 Rhe8 23. b5+ Kxb5 24. Qxa7 Qf8 25. Rfb1+ Kc6 26. Rxb6+ Kd5 27. Qa5+ Qc5 28. Rb5 Rc8 29. Rxc5+ Rxc5 30. c4+ Kd6 31. Qb6+ Rc6 32. c5+ Kd5 33. Qb7 Rec8 34. Qd7+ Kxc5 35. Rc1+ Kb6 36. Rxc6+ Rxc6 37. Qxf7 Rd6 38. f4 exf4 39. gxf4 Kc6 40. Qc4+ Kd7 41. Qb5+ Ke6 42. Qe8+ Kf5 43. Qe5+ Kg4 44. Qxd6 gxf4 45. Qg6+ Kh4 46. Kf3 h5 47. h3 Kxh3 48. Qxh5# 1-0

[Event "BEL-ch U14"]
[Site "Blankenberge"]
[Date "2015.04.14"]
[Round "4"]
[White "Cool, Tristan"]
[Black "Decorte, Elias"]
[Result "1-0"]
[WhiteElo "1264"]
[BlackElo "1124"]
[PlyCount "124"]
[EventDate "2015.04.12"]
[EventType "swiss"]
[EventRounds "9"]
[EventCountry "BEL"]
[SourceTitle "CBM 166 Extra"]
[Source "ChessBase"]
[SourceDate "2015.06.18"]
[SourceVersion "1"]
[SourceVersionDate "2015.06.18"]
[SourceQuality "1"]

1. d4 d5 2. e3 Nf6 3. Bd3 Nc6 4. f4 Bd7 5. Nd2 e6 6. Ngf3 Bd6 7. 0-0 Qe7 8. Ne5 Nb4 9. Ndf3 Nxd3 10. cxd3 0-0 11. Re1 b6 12. e4 c6 13. Nxd7 Qxd7 14. e5 Bb4 15. exf6 Bxe1 16. fxg7 Bf2+ 17. Kxf2 Kxg7 18. Kg1 Qe7 19. Qe1 Rg8 20. Nh4 Kf8 21. Bd2 a5 22. Nf3 Qf6 23. Qe5 Qxe5 24. Nxe5 Ra7 25. Nxc6 Rc7 26. Rc1 Kg7 27. Rc3 f6 28. f5 exf5 29. Bf4 Rd7 30. Nb8 Re7 31. Kf2 Kg6 32. Rc7 Rxc7 33. Bxc7 Kh5 34. Nd7 Kg6 35. Bxb6 Rg7 36. Nc5 Kh5 37. Bxa5 Rg4 38. b4 Rf4+ 39. Ke3 Rf1 40. b5 f4+ 41. Ke2 Rg1 42. Kf2 Rh1 43. b6 Rxh2 44. b7 Kg4 45. b8Q f3 46. Qxh2 fxg2 47. Qxg2+ Kh5 48. Qxd5+ Kh6 49. Bd2+ Kg6 50. Qe4+ Kg7 51. Ne6+ Kf7 52. a4 h5 53. a5 h4 54. a6 h3 55. a7 h2 56. a8Q f5 57. Qxf5+ Ke7 58. Bb4+ Kd7 59. Ng5+ Kc7 60. Qa7+ Kc6 61. Qa6+ Kc7 62. Qh7+ Kb8 1-0